LEADER 01564nam 2200457 450 001 9910162783803321 005 20140917214238.0 010 $a1-62081-709-8 035 $a(CKB)3710000001044696 035 $a(MiAaPQ)EBC4795394 035 $a(EXLCZ)993710000001044696 100 $a20121005h20122012 uy| 0 101 0 $aeng 135 $aurcnu|||||||| 181 $2rdacontent 182 $2rdamedia 183 $2rdacarrier 200 00$a"Too big to fail", or, Systemically important financial institutions /$fBarnett E. Harrison and Heathe Carter, editors 210 1$aNew York :$cNova Science Pub Inc,$d[2012] 210 4$dİ2012 215 $a1 online resource (193 pages) 225 1 $aFinancial institutions and services 225 1 $aBusiness economics in a rapidly-changing world 311 $a1-62081-688-1 320 $aIncludes bibliographical references and index. 410 0$aFinancial institutions and services. 410 0$aBusiness economics in a rapidly-changing world series. 606 $aFinancial institutions$xGovernment policy$zUnited States 606 $aFinancial institutions$zUnited States 615 0$aFinancial institutions$xGovernment policy 615 0$aFinancial institutions 676 $a332.10973 702 $aHarrison$b Barnett E. 702 $aCarter$b Heathe 801 0$bMiAaPQ 801 1$bMiAaPQ 801 2$bMiAaPQ 906 $aBOOK 912 $a9910162783803321 996 $a"Too big to fail", or, Systemically important financial institutions$92827588 997 $aUNINA LEADER 00787nam0-2200277 --450 001 9910748597503321 005 20231103094006.0 010 $a978-88-329-0014-9 100 $a20231103d2022----kmuy0itay5050 ba 101 0 $aita$cita 102 $aIT 105 $ay 001yy 200 1 $aDal golpe alla P2$eascesa e declino dell'eversione militare 1970-75$fFrancesco M. Biscione 210 $aRoma$cCastelvecchi$d2022 215 $a236 p.$d21 cm 225 1 $aNodi 610 0 $aItalia$aStoria$a1970-1975 676 $a322.42$v20$zita 700 1$aBiscione,$bFrancesco M.$0303621 801 0$aIT$bUNINA$gREICAT$2UNIMARC 901 $aBK 912 $a9910748597503321 952 $aSTO 81$b1072/2023$fFSPBC 959 $aBFS 996 $aDal golpe alla P2$93577064 997 $aUNINA LEADER 04090nam 22008415 450 001 9910298552903321 005 20250717133415.0 010 $a94-6239-094-0 024 7 $a10.2991/978-94-6239-094-2 035 $a(CKB)3710000000262429 035 $a(EBL)1966691 035 $a(OCoLC)893607680 035 $a(SSID)ssj0001372216 035 $a(PQKBManifestationID)11883338 035 $a(PQKBTitleCode)TC0001372216 035 $a(PQKBWorkID)11301776 035 $a(PQKB)10184407 035 $a(MiAaPQ)EBC1966691 035 $a(DE-He213)978-94-6239-094-2 035 $a(PPN)182094871 035 $a(EXLCZ)993710000000262429 100 $a20141010d2014 u| 0 101 0 $aeng 135 $aur|n|---||||| 181 $ctxt 182 $cc 183 $acr 200 10$aManaging Digital Enterprise $eTen Essential Topics /$fby Jun Xu 205 $a1st ed. 2014. 210 1$aParis :$cAtlantis Press :$cImprint: Atlantis Press,$d2014. 215 $a1 online resource (202 p.) 300 $aDescription based upon print version of record. 311 08$a94-6239-093-2 320 $aIncludes bibliographical references at the end of each chapters. 327 $aFoundation of Digital Enterprise -- Technology Foundation and Talent Management for Digital Enterprise -- Digital Enterprise Strategy Planning and Implementation -- B2C Digital Enterprise: E-tailing -- E-Services -- B2B Digital Enterprise and Supply Chain -- Digital Platforms -- Digital Marketing and Advertising -- Digital Payment Systems -- Mobile Enterprise. 330 $aThis book describes the setup of digital enterprises and how to manage them, focusing primarily on the important knowledge and essential understanding of digital enterprise management required by managers and decision makers in organizations. It covers ten essential knowledge areas of this field: ? Foundation of Digital Enterprise ? Technology Foundation and Talent Management for Digital Enterprise ? Digital Enterprise Strategy Planning and Implementation ? B2C Digital Enterprise: E-tailing ? B2C Digital Enterprise: E-Services ? B2B Digital Enterprise and Supply Chain ? Digital Platforms ? Digital Marketing and Advertising ? Digital Payment Systems ? Mobile Enterprise Overall, this text provides the reader with the basics to understand the rapid development of digitization, facilitated by the dramatic advancements in digital technologies, extensively connected networks, and wider adoption of computing devices (especially mobile devices), as more and more organizations are realizing the strategic importance of digitization (e.g., sustainable growth of the organization, competitive advantage development and enhancement) and are embarking on digital enterprise. 606 $aTechnological innovations 606 $aBusiness information services 606 $aManagement 606 $aIndustrial organization 606 $aStrategic planning 606 $aLeadership 606 $aEntrepreneurship 606 $aNew business enterprises 606 $aInnovation and Technology Management 606 $aIT in Business 606 $aManagement 606 $aOrganization 606 $aBusiness Strategy and Leadership 606 $aEntrepreneurship 615 0$aTechnological innovations. 615 0$aBusiness information services. 615 0$aManagement. 615 0$aIndustrial organization. 615 0$aStrategic planning. 615 0$aLeadership. 615 0$aEntrepreneurship. 615 0$aNew business enterprises. 615 14$aInnovation and Technology Management. 615 24$aIT in Business. 615 24$aManagement. 615 24$aOrganization. 615 24$aBusiness Strategy and Leadership. 615 24$aEntrepreneurship. 676 $a330 676 $a650 676 $a658.1 676 $a658.4092 700 $aXu$b Jun$4aut$4http://id.loc.gov/vocabulary/relators/aut$0955314 906 $aBOOK 912 $a9910298552903321 996 $aManaging Digital Enterprise$92537780 997 $aUNINA